Anatomie et médecine en L - Statistiques

Statistiques générales
  • Ce quiz a été pris 194 fois
  • Le résultat moyen est 7 sur 15
Statistiques - réponses
Hint Réponse % Correct
Quel organe permet de parler et de goûter ? langue
99%
Quel organe situé dans la gorge permet de produire la voix ? larynx
85%
Quel type de structure fibreuse composée de tissu conjonctif dense, principalement riche en collagène, assure la stabilisation passive des articulations en limitant les mouvements excessifs entre deux os ? ligament
77%
Quelle partie du corps se situe dans le bas du dos ? lombaire
77%
Quelle maladie du sang correspond à une prolifération anormale des globules blancs ? leucemie
71%
Quel processus correspond à la production de lait chez la femme ? lactation
61%
Quelle substance graisseuse est présente dans le corps et sert de réserve d’énergie ? lipide
60%
Quel type de cellule du sang participe à la défense immunitaire ? leucocyte
53%
Comment appelle-t-on le liquide qui entoure le cerveau et la moelle épinière ? liquide céphalo-rachidien
37%
Comment appelle-t-on une intervention chirurgicale consistant à fermer un vaisseau ou un conduit ? ligature
23%
Quelle maladie bactérienne provoque des lésions nerveuses et cutanées ? lèpre
21%
Quelle hormone produite par les cellules graisseuses aide à réguler la faim et donne un signal de satiété au cerveau ? leptine
16%
Quel ligament du genou stabilise l’articulation et est souvent touché lors de blessures sportives ? ligament croisé antérieur
15%
Quel est le nom donné aux différentes parties comme frontal, pariétal, temporal ou occipital ? lobe cerebral
3%
Quelle structure correspond à un point de connexion entre neurones ? locus synaptique
0%
Aucun quiz correspondant
Distribution des résultats
% des personnes avec chaque résultat
Percentile par nombre de réponses
Votre historique - résultats
Vous n’avez pas pris ce quiz